00680naa a2200193 a 450000100080000000500110000800800410001910000230006024501060008326000090018930000140019849000350021250000980024765000090034570000180035470000170037270000160038977300810040518220792015-11-24 1985 bl uuuu u00u1 u #d1 aBERTAGNOLLI, P. F. aAvaliação do comportamento das cultivares de soja recomendadas para semeadura no Rio Grande do Sul. c1985 ap. 58-61. a(EMBRAPA-CNPT. Documentos, 2). aTrabalho apresentado na XIII Reunião de Pesquisa de Soja da Região Sul, Porto Alegre, 1984. aSoja1 aVIEIRA, S. A.1 aDAL'PIAZ, R.1 aBOFF, A. M. tIn: SOJA: resultados de pesquisa 1984-1985. Passo Fundo: EMBRAPA-CNPT, 1985.